Tourism: a modern synthesis / (Record no. 192)
[ view plain ]
| 000 -LEADER | |
|---|---|
| fixed length control field | 00792nam a22001937a 4500 |
| 008 - FIXED-LENGTH DATA ELEMENTS--GENERAL INFORMATION | |
| fixed length control field | 111025t xxu||||| |||| 00| 0 eng d |
| 020 ## - INTERNATIONAL STANDARD BOOK NUMBER | |
| International Standard Book Number | 9781844801985 |
| 050 ## - LIBRARY OF CONGRESS CALL NUMBER | |
| Classification number | G155.A1 P11 |
| 100 ## - MAIN ENTRY--PERSONAL NAME | |
| Personal name | Page, Stephen J. |
| 245 ## - TITLE STATEMENT | |
| Title | Tourism: a modern synthesis / |
| Statement of responsibility, etc. | Stephen J. Page |
| 250 ## - EDITION STATEMENT | |
| Edition statement | 2nd ed. |
| 260 ## - PUBLICATION, DISTRIBUTION, ETC. | |
| Place of publication, distribution, etc. | Australia, |
| Name of publisher, distributor, etc. | Thomson: |
| Date of publication, distribution, etc. | c2006. |
| 300 ## - PHYSICAL DESCRIPTION | |
| Extent | xxviii, 546p.: |
| Other physical details | illus, maps (some col.) |
| Dimensions | 28cm. |
| 500 ## - GENERAL NOTE | |
| General note | Includes bibliographical references and index. |
| 505 ## - FORMATTED CONTENTS NOTE | |
| Formatted contents note | Contents: Understanding tourism -- Understanding the tourism industry -- Managing tourist operations and communicating with visitor -- The Impact of tourism -- Trends and themes in the use of tourist resources -- Managing tourism activities. |
| 650 ## - SUBJECT ADDED ENTRY--TOPICAL TERM | |
| Topical term or geographic name entry element | Tourism |
| 700 ## - ADDED ENTRY--PERSONAL NAME | |
| Personal name | Connell, Joanne |
| 942 ## - ADDED ENTRY ELEMENTS (KOHA) | |
| Source of classification or shelving scheme | Library of Congress Classification |
| Koha item type | Books |
| Withdrawn status | Lost status | Source of classification or shelving scheme | Damaged status | Not for loan | Home library | Current library | Shelving location | Date acquired | Total Checkouts | Full call number | Barcode | Date last seen | Copy number | Price effective from | Koha item type |
|---|---|---|---|---|---|---|---|---|---|---|---|---|---|---|---|
| Library of Congress Classification | WISCONSIN INTERNATIONAL UNIVERSITY COLLEGE, GHANA - MAIN LIBRARY | WISCONSIN INTERNATIONAL UNIVERSITY COLLEGE, GHANA - MAIN LIBRARY | Reference | 25/10/2011 | G155.A1 P11 | 535/11 | 25/10/2011 | 1 | 25/10/2011 | Books | |||||
| Library of Congress Classification | WISCONSIN INTERNATIONAL UNIVERSITY COLLEGE, GHANA - MAIN LIBRARY | WISCONSIN INTERNATIONAL UNIVERSITY COLLEGE, GHANA - MAIN LIBRARY | Reference | 25/10/2011 | G155.A1 P111 | 536/11 | 25/10/2011 | 2 | 25/10/2011 | Books | |||||
| Library of Congress Classification | WISCONSIN INTERNATIONAL UNIVERSITY COLLEGE, GHANA - MAIN LIBRARY | WISCONSIN INTERNATIONAL UNIVERSITY COLLEGE, GHANA - MAIN LIBRARY | Reference | 25/10/2011 | G155.A1 P112 | 537/11 | 25/10/2011 | 3 | 25/10/2011 | Books | |||||
| Library of Congress Classification | WISCONSIN INTERNATIONAL UNIVERSITY COLLEGE, GHANA - MAIN LIBRARY | WISCONSIN INTERNATIONAL UNIVERSITY COLLEGE, GHANA - MAIN LIBRARY | Reference | 25/10/2011 | G155.A1 P113 | 538/11 | 25/10/2011 | 4 | 25/10/2011 | Books | |||||
| Library of Congress Classification | WISCONSIN INTERNATIONAL UNIVERSITY COLLEGE, GHANA - MAIN LIBRARY | WISCONSIN INTERNATIONAL UNIVERSITY COLLEGE, GHANA - MAIN LIBRARY | Reference | 28/10/2011 | G155.A1 P114 | 309/11 | 28/10/2011 | 5 | 28/10/2011 | Books |
